000 00600nam a2200229Ia 4500
003 OSt
005 20220928101755.0
006 a|||||r|||| 00| 0
007 ta
008 220927b |||||||| |||| 00| 0 eng d
024 _a47024
037 _cTextual
040 _aSDCL
_cSDCL
_beng
041 _2eng
_aeng
082 _aO152,1N33x, L6
100 _aKumar Dushyant
_9395026
245 0 _aEk kanth wishpayi.
260 _aAllahbad
_bLok Bharti Prakashan
_c1976
300 _a125p.
_ccm.
942 _hO152,1N33x, L6
_cTEXL
_2CC
999 _c710644
_d710644